Quizzes
Events
Quiz Creation
Community
Videos
Private Events
Remove Ads
Sign In
Join for FREE
Feedback
Dark Mode
Quiz Categories
Sports
Geography
Music
Movies
Television
Just For Fun
Miscellaneous
History
Literature
Language
Science
Gaming
Entertainment
Religion
Holiday
For Kids
Quiz Lab
Recent
Popular Today
Quiz Kudos Today
Editor Picks
Curator Picks
Quizzes by...
Day
Popularity
Type
Ratings
Length
Year
Community
Subscriptions
Recent Discussions
Orange Saloon
Badges
Playlists
Quests
Create
Leaderboards
Showdown
Live 5
Trivia Bingo
Activity
Puzzle Library
Sporcle Events
Private Events
Virtual Trivia
Globe League
Become a Host
Pub Owners
SporcleCon
Opinionation
Our Games
Videos
Blog
Mobile Apps
Partnerships
Remove Ads and Go Orange
Feedback
Television
TV Characters
TV Show
Sitcom
Network
Friends
Reality Shows
Cast
South Park
Star Trek
The Simpsons
Doctor Who
Television
TV Characters
TV Show
Sitcom
Network
Friends
Reality Shows
Cast
South Park
Star Trek
The Simpsons
Doctor Who
Random Quiz
Search Sporcle
×
Quiz Lab
Quiz Lab
Television
Survivor Castaways
Type in answers that appear in a list
Type in answers that appear in a list
Classic
Best Score? Go Orange.
40 Questions about Survivor Stats
Can you name the Survivor trivia?
By
Cola87
9m
40 Questions
4,421 Plays
4,421 Plays
4,421 Plays
Comments
Comments
Give Quiz Kudos
Give Quiz Kudos
-
- Ratings
hide this ad
Replay
Link that replays current quiz
Next Quiz
Link to next quiz in quiz playlist
You Got
0%
They Got
Avg Score
57%
Avg Friend Score
Upgrade to see
Score Distribution
Jump to the score distribution portion of the page
Score
0/40
Timer
09:00
0
Plays Today
Question
% Correct
Who won the most immunity challenges in the Cook Islands?
Ozzy Lusth
91.9%
Easy one: Who told the dead grandmother story?
Jon 'Jonny Fairplay' Dalton
91.1%
Who is the Youngest Winner?
Jenna Morasca, Jud 'Fabio' Birza
90.6%
Who is the Oldest Winner?
Robert 'Bob' Crowley
89.7%
Who was argueably the worst in challenges but still won the title of Sole Survivor?
Sandra Diaz-Twine
85.5%
In Samoa, who killed a rat surprising his/
her tribe?
Natalie White
82.8%
Name one of the Members of the Four Horsemen in Fiji.
Mookie Lee, Alex Angarita, Edgardo Rivera, and Dreamz Herd
79%
With Survivor: Nicaragua ending, how many different winners are there now?
Twenty
71.3%
Who was the Youngest person to ever play Survivor?
Will Wahl
71.2%
Who found the fake hidden immunity idol made out of a stick?
Jason Siska
70.8%
Who told Bob that if he gave up his immunity, he'd be blindsided?
Sugar Kiper
67.8%
Who played the game 3 times and was voted out for the first time in Heroes vs. Villains?
Amanda Kimmel
66.2%
Name one of the people kicked out of the challenge in Thailand.
Ken Stafford, Jed Hildebrand, Robb Zbacnik, and Stephanie Dill
65.3%
Who was voted as the hottest guy in America's Tribal Council?
Colby Donaldson
65%
Which villain threw his/
her buff in the fire when eliminated?
Randy Bailey
64.6%
Who did the tribe say was the 'poser' in Exile Island?
Courtney Marit
62.1%
Name one of the seasons filmed in South America.
Survivor: Amazon and Survivor: Tocantins
61%
How many representatives did Survivor: Africa have on All-
Stars?
Three
61%
Which Survivor was a former pop singer and is married to a former NFL running back?
Tamara 'Taj' Johnson-George
60.2%
Ending with an easy one: Which tribe lost every immunity challenge?
Ulong or Ravu or Matsing
58%
Question
% Correct
Which Hero won individual immunity when both tribes had to go to tribal council?
Candice Woodcock
57.5%
Which survivor had the most votes cast against him/
her in a single season out of all the seasons?
Phillip Sheppard
51.3%
In Borneo, who refused to make alliances and was voted out in the same episode?
Gretchen Cordy
51.1%
Who did Randy and Corinne want to get rid of with the 'idol'?
Susie Smith
49.6%
What was Jeff's least favorite season of Survivor?
Survivor: Thailand
49.4%
Who told him/
her not to take everything so personally?
Shane Powers
49.3%
Who did Jeff seem the most disappointed in when he/
she left?
Osten Taylor
47.8%
Which tribe in All-
Stars could not complete their puzzle cube?
Chapera
47.7%
What season did Jeff's favorite tribal council occur?
Survivor: Micronesia Fans vs Favorites
44.7%
Who didn't finish the Chinese ceremony because he/
she thought it collided with his/
her religion?
Leslie Nease
44.1%
Which season had a challenge that was created by a fan?
Survivor: Pearl Islands and Survivor: San Juan Del Sur
42%
Who had previous votes cast against him/
her and got voted out after the merge?
Jeff Varner
42%
What year did Shambo start wearing her hair like it is?
1986
41.1%
Speaking of crazy hair, What did Denise say her job was at the reunion?
Janitor
39.7%
Who was the first person ever to play a fake hidden immunity idol?
Jaime Dugan
38.1%
Who did Rob Cesternino make his long distance dedication to Casey Kasem for?
Roger Sexton
36.7%
What did Gary Hogeboom tell his tribe his last name was?
Hawkins
35.9%
In Vanuatu, who got blindsided since apparently they forgot 4 was more than 3?
Leann Slaby
35.4%
Who was going to stick with his/
her original tribe until the pecking order was revealed in a challenge?
Pacshal English and Neleh Dennis
33.9%
Who was a 'Froot Loop' according to Boston Rob?
Peter Harkey
20.5%
Quiz Playlist
Details
Report
Send in Message
Add To Playlist
Classic:
Type in answers that appear in a list
Last Updated: May 30, 2017
Quiz Scoreboard
CHALLENGE
Sign Up to Join the Scoreboard
Show All
Scores
Hide
Comments
May contain spoilers
Recently Published
9x9 Crossword: Cartoon Network
by jackfrog10
Miscellaneous
3m
College Basketball Coaching Resumes
by pancakes188
Sports
9m
Billboard Blitz: Fleetwood Mac
by CooCooCachoo
Music
15s
More to Explore
Quiz From the Vault
Featured Blog Post
Where Did the Easter Bunny Come From?
hide this ad
You Might Also Like...
Tags
Survivor
Survivor Castaways
Today's Top Quizzes in Television
Browse Television
hide this ad
Today's Top Quizzes in Survivor Castaways
Browse Survivor Castaways
Top Contributed Quizzes in Television
1
5-to-1: The Simpsons Families
2
5-to-1: Television Doctors
3
7-to-1: TV Show Settings
4
5-to-1: Streaming Originals
5
Adjectives in 00s TV Shows
6
One Piece Logic Puzzle
7
Survivor Seasons
8
Adjectives in 80s TV Shows
9
All US Survivor Seasons in Order
10
Adjectives in 10s TV Shows
Explore More
Trending Topics
NBA
Crossword
Kpop
Marvel
Harry Potter
Disney
Anime
The Office
Soccer
Song
Puzzle
NFL
Pokémon
WWE
Country
hide this ad
More By:
Cola87
Quiz
Plays
Rating
Category
Featured
Created
40 Questions about Survivor
4,421
3.57
Television
Jan 18, 2011
Degrassi Junior High Characters
1,322
5.00
Television
Feb 21, 2010
ANTM No Bottom 2 Appearances
1,003
4.33
Television
Jan 18, 2011
Knocked Up Trivia Game
876
2.67
Movies
Nov 18, 2009
As Told by Ginger Characters
618
4.50
Television
Nov 19, 2009
Go to Creator's Profile
Score Distribution
Quiz Creator Spotlight
Cola87
Follow
Send a Message
Quizzes Created
-
Created Quiz Play Count
-
More By This Creator
Popular Quizzes Today
1
Find the US States - No Outlines Minefield
2
Find the Countries of Europe - No Outlines Minefield
3
The Countries of the World
4
Find the US States
5
Risky Map Clicking: Biggest States A-Z
6
US States
7
Popular People in 1961
8
Movies - When Are They Set?
More Television Quizzes
Hiding Network Logos
Editor's Pick
Trending Quizzes
Risky Map Clicking: Least Populous States A-Z
1-10 Letter G Words
1-10 Letter F Words
Risky Map Clicking: Next State Alphabetically
Adjectives in 80s TV Shows
Recently Updated
Leaping Animals
pecheneg
Reality TV Shows (A-Z)
bhenderson79
Rickey Henderson's Hall of Fame Teammates
pecheneg
Champions League XIs: Arsenal
pecheneg
Quick Pick: Celebrities in WWE's Hall of Fame
aduchscher
A-Z Keypad Blitz II
pecheneg
Multiple Oscar Actors
pecheneg
Mystery Phrase Blitz: Oscar 'Best Actors'
pecheneg
F. Scott Fitzgerald Novels
LTH
Pick 3 Villains
ddd62291
Trending Topics
Marvel
Anime
Disney
NBA
Kpop
Harry Potter
Crossword
Country
Puzzle
NFL
Song
WWE
Soccer
The Office
Pokémon
Your Account Isn't Verified!
In order to create a playlist on Sporcle, you need to verify the email address you used during registration. Go to your
Sporcle Settings
to finish the process.
Report this User
Report this user for behavior that violates our
Community Guidelines
.
Details:
Send Report
Go to the Sporcle.com Mobile Site →
Comments